Дело о приезде в Санкт-Петербург его высочества эмира Бухарского

Доступно только в Электронных читальных залах Найти на картеНа карте
RUSMARC
00003561nmc2a22002413x 450
00131cb3f4d-b170-414d-a8c7-953f05aeb82b
00520250625074446.0
100##$a20250127l19061906k l0rusy0189 ca
1010#$arus
102##$aRU
105##$ai###
1222#$ad
2001#$aДело о приезде в Санкт-Петербург его высочества эмира Бухарского
$j30 октября - 20 декабря 1906 г.
215##$a78 л.
$cгерб.
$d36,5х26 см
251##$cДело
300##$aНа бланке обложки указано: "№81"
371##$aДокумент не является опубликованным и широко распространяемым
461#0$10011beca410-31e9-4f28-916a-592ca9443f69
$12001
$aЦеремониальная часть Министерства императорского двора
$1251
$cФонд
$1852
$j473
462#0$1001a4586ea8-6207-43fd-ba94-71ff43de7a1f
$12001
$aЦеремониальная часть Министерства императорского двора
$1251
$cОпись
$1852
$j2
801#0$aRU
$bРГИА
$c20250127
$gRCR
801#1$aRU
$bГлавНИВЦ
$c20250127
$2rusmarc
801#2$aRU
$bПБ им. Б.Н. Ельцина
$c20250625
$gRCR
$2rusmarc
850##$aРГИА
852##$aРГИА
$eФедеральное казенное учреждение "Российский государственный исторический архив" (РГИА)
$j1135
937##$hРГИА
$d12421941
$aASBIBLIO_SCAN
035##$aRusGRCC00083684
856##$uhttp://readingroom.main.prlib.ru/item.aspx?id_node=n196983667&mode=full
Формат отображения